000 00602nam a2200181Ia 4500
008 090630s9999 xx 000 0 und d
082 _b21354
100 _aकणेकर शिरिष.
245 _aमाझी फिल्लमबाजी.
_cकणेकर शिरिष.
260 _bदिलीप.
_c2002
300 _a87
600 _aकणेकर शिरिष.
630 _aमाझी फिल्लमबाजी.
655 _aइतर.
700 _aकणेकर शिरिष.
730 _aमाझी फिल्लमबाजी.
942 _cBOOK
999 _c273210
_d273210